[Event "Struga Lake Queen U18 op"]
[Site "Struga"]
[Date "2023.09.10"]
[Round "6"]
[White "Velkoski, Ivan"]
[Black "Nikolovski, Mihail"]
[Result "1-0"]
[WhiteElo "1504"]
[BlackElo "1332"]
[PlyCount "63"]
[EventDate "2023.09.08"]
[EventType "swiss"]
[EventRounds "6"]
[EventCountry "MKD"]
[SourceTitle "EXT 2024"]
[Source "ChessBase"]
[SourceDate "2023.10.10"]
[SourceVersion "1"]
[SourceVersionDate "2023.10.10"]
[SourceQuality "1"]

1. e4 e5 2. Nf3 Nc6 3. c3 Nf6 4. d4 Nxe4 5. d5 Ne7 6. Nxe5 d6 7. Bb5+ c6 8. dxc6 bxc6 9. Nxc6 Nxc6 10. Bxc6+ Bd7 11. Bxa8 Qxa8 12. 0-0 Be7 13. Re1 Nc5 14. Bf4 Ne6 15. Bxd6 Qd8 16. Bxe7 Qxe7 17. f4 Bc6 18. b4 Qf6 19. Qd6 Bd7 20. Na3 Qxc3 21. Rad1 Qc8 22. f5 Qc6 23. fxe6 Qxd6 24. Rxd6 Bxe6 25. Nb5 0-0 26. Red1 h6 27. Nxa7 Bxa2 28. b5 Rb8 29. Rd8+ Rxd8 30. Rxd8+ Kh7 31. b6 Be6 32. b7 1-0

[Event "Struga Lake Queen U18 op"]
[Site "Struga"]
[Date "2023.09.09"]
[Round "4"]
[White "Velkoski, Ivan"]
[Black "Lusheski, Konstantin"]
[Result "0-1"]
[WhiteElo "1504"]
[BlackElo "1799"]
[PlyCount "80"]
[EventDate "2023.09.08"]
[EventType "swiss"]
[EventRounds "6"]
[EventCountry "MKD"]
[SourceTitle "EXT 2024"]
[Source "ChessBase"]
[SourceDate "2023.10.10"]
[SourceVersion "1"]
[SourceVersionDate "2023.10.10"]
[SourceQuality "1"]

1. Nf3 Nf6 2. d4 g6 3. c4 Bg7 4. Nc3 d5 5. Bf4 0-0 6. h3 b6 7. Rc1 Bb7 8. Nxd5 Bxd5 9. cxd5 Nxd5 10. Bh2 c5 11. e4 Nb4 12. a3 N4c6 13. e5 Nxd4 14. Nxd4 cxd4 15. e6 fxe6 16. Bc4 Kh8 17. 0-0 e5 18. Re1 Nd7 19. Be6 Nc5 20. Bc4 Qd6 21. b4 Nd7 22. Bb5 Rac8 23. Qa4 Rxc1 24. Rxc1 Nb8 25. Qxa7 d3 26. Rd1 d2 27. Bg3 Rc8 28. Qb7 Rc1 29. Be2 Rxd1+ 30. Bxd1 Bf6 31. b5 Kg7 32. a4 Nd7 33. Qc6 Qd3 34. Qc2 Qd4 35. Kf1 Nc5 36. Ke2 Bg5 37. a5 bxa5 38. b6 Ne4 39. b7 Nxg3+ 40. fxg3 Qe3+ 0-1

[Event "FRM-ch U18"]
[Site "Struga"]
[Date "2023.06.22"]
[Round "6"]
[White "Velkoski, Ivan"]
[Black "Rovchanin, Filip"]
[Result "1-0"]
[WhiteElo "1567"]
[BlackElo "1020"]
[PlyCount "81"]
[EventDate "2023.06.17"]
[EventType "swiss"]
[EventRounds "6"]
[EventCountry "MKD"]
[SourceTitle "EXT 2024"]
[Source "ChessBase"]
[SourceDate "2023.10.10"]
[SourceVersion "1"]
[SourceVersionDate "2023.10.10"]
[SourceQuality "1"]

1. e4 c5 2. Nf3 e6 3. Nc3 Nc6 4. d4 cxd4 5. Nxd4 Nf6 6. Bg5 Be7 7. Ndb5 Qb6 8. Qd2 a6 9. Be3 Qd8 10. Nd6+ Bxd6 11. Qxd6 Qa5 12. f3 Qe5 13. Bf4 Qxd6 14. Bxd6 b5 15. 0-0-0 e5 16. g4 Kd8 17. g5 Ne8 18. Bc5 Kc7 19. Nd5+ Kb7 20. Nb6 d6 21. Bf2 Rb8 22. c4 bxc4 23. Bxc4 Be6 24. Bd5 Kc7 25. Kb1 Rxb6 26. Rc1 Bxd5 27. exd5 Rb5 28. Rxc6+ Kb7 29. Rhc1 f6 30. Rc8 fxg5 31. Rd8 Rxd5 32. Rd7+ Nc7 33. Rcxc7+ Ka8 34. Ra7+ Kb8 35. Rdb7+ Kc8 36. Rxg7 Kb8 37. Rgb7+ Kc8 38. Rb6 Rd8 39. Rbxa6 Rd2 40. Rxh7 Kb8 41. Ba7+ 1-0

[Event "FRM-ch U18"]
[Site "Struga"]
[Date "2023.06.17"]
[Round "1"]
[White "Velkoski, Ivan"]
[Black "Velkoski, Stojan"]
[Result "0-1"]
[WhiteElo "1567"]
[BlackElo "1936"]
[PlyCount "64"]
[EventDate "2023.06.17"]
[EventType "swiss"]
[EventRounds "6"]
[EventCountry "MKD"]
[SourceTitle "EXT 2024"]
[Source "ChessBase"]
[SourceDate "2023.10.10"]
[SourceVersion "1"]
[SourceVersionDate "2023.10.10"]
[SourceQuality "1"]

1. c3 d5 2. d4 Nf6 3. Bf4 c6 4. Nf3 Bf5 5. Nbd2 e6 6. Nh4 Bg6 7. Nxg6 hxg6 8. g3 Bd6 9. Bg5 Qb6 10. Qc2 Nbd7 11. Bg2 Nh7 12. Be3 Ndf6 13. h3 g5 14. Nf3 Ne4 15. Ne5 Nhf6 16. 0-0-0 Qa6 17. Kb1 b5 18. Ng4 Rb8 19. Rc1 Kd7 20. Nxf6+ Nxf6 21. Bxg5 Rb6 22. Bxf6 gxf6 23. a3 Qb7 24. e4 a5 25. exd5 cxd5 26. b4 axb4 27. cxb4 Ra6 28. Kb2 Rha8 29. Ra1 Ra4 30. Qd3 Qa7 31. Qxb5+ Ke7 32. Bxd5 Qxd4+ 0-1

[Event "Skopje op"]
[Site "Skopje"]
[Date "2022.10.27"]
[Round "9"]
[White "Velkoski, Ivan"]
[Black "Gavrilov, Igor"]
[Result "1-0"]
[WhiteElo "1380"]
[BlackElo "2032"]
[PlyCount "115"]
[EventDate "2022.10.21"]
[EventType "swiss"]
[EventRounds "9"]
[EventCountry "MKD"]
[SourceTitle "EXT 2024"]
[Source "ChessBase"]
[SourceDate "2023.10.10"]
[SourceVersion "1"]
[SourceVersionDate "2023.10.10"]
[SourceQuality "1"]

1. e4 c5 2. Nf3 d6 3. d4 cxd4 4. Nxd4 Nf6 5. Nc3 a6 6. Be2 e6 7. Be3 Qc7 8. Qd2 b5 9. a3 Bb7 10. f3 d5 11. e5 Nfd7 12. f4 b4 13. axb4 Bxb4 14. 0-0 0-0 15. Bf2 Rc8 16. Rfb1 Nc6 17. Ra4 Bc5 18. Nxc6 Qxc6 19. Bxc5 Nxc5 20. Rd4 Ne4 21. Qe3 Rab8 22. Nxe4 dxe4 23. c4 a5 24. Rd6 Qa4 25. b3 Qa3 26. Kf2 h6 27. g4 Bc6 28. Rd2 Qb4 29. Bd1 Rd8 30. Ke2 Qe7 31. Bc2 Qh4 32. Qg3 Qe7 33. Qe3 Rxd2+ 34. Kxd2 Qb4+ 35. Ke2 a4 36. Qd2 Qc5 37. Qe3 Qa3 38. bxa4 Qf8 39. Bxe4 Bxa4 40. Rxb8 Qxb8 41. Kf3 Qb2 42. Qe2 Qc3+ 43. Qd3 Bd1+ 44. Kf2 Qxd3 45. Bxd3 Bxg4 46. Ke3 Kf8 47. Kd4 Bf3 48. Kc5 Ke7 49. Kb6 f6 50. c5 fxe5 51. fxe5 Kd8 52. c6 Bxc6 53. Kxc6 Ke7 54. Bg6 h5 55. h4 Kf8 56. Kd7 Kg8 57. Kxe6 Kf8 58. Kd7 1-0

[Event "Struga Lake Queen U18 op"]
[Site "Struga"]
[Date "2022.09.10"]
[Round "5"]
[White "Lusheski, Konstantin"]
[Black "Velkoski, Ivan"]
[Result "1-0"]
[WhiteElo "1571"]
[BlackElo "1323"]
[PlyCount "121"]
[EventDate "2022.09.07"]
[EventType "swiss"]
[EventRounds "7"]
[EventCountry "MKD"]
[SourceTitle "EXT 2023"]
[Source "ChessBase"]
[SourceDate "2022.10.05"]
[SourceVersion "1"]
[SourceVersionDate "2022.10.05"]
[SourceQuality "1"]

1. e4 e5 2. Nf3 Nc6 3. Bc4 Bc5 4. c3 Nf6 5. d4 exd4 6. e5 d5 7. Bb5 Ne4 8. cxd4 Bb4+ 9. Bd2 Nxd2 10. Bxc6+ bxc6 11. Nbxd2 0-0 12. 0-0 c5 13. a3 Bxd2 14. Qxd2 cxd4 15. Qxd4 Be6 16. Rfc1 Qe7 17. Rc5 Rfc8 18. Rac1 Rab8 19. b4 Rb6 20. Ra5 c6 21. h3 Qb7 22. Nd2 a6 23. Nb3 Qa7 24. Nc5 Rc7 25. f4 Bc8 26. Nb3 Qb8 27. Rac5 Bd7 28. Kh2 h6 29. Qc3 Rb5 30. Nd4 Rxc5 31. Qxc5 Kh7 32. Rc3 Qa7 33. Qxa7 Rxa7 34. Rc5 Rc7 35. g4 g6 36. Kg3 Kg7 37. Kf3 Kf8 38. h4 Ke7 39. f5 gxf5 40. gxf5 f6 41. e6 Be8 42. Kf4 Kd6 43. Ra5 Ra7 44. Nb3 h5 45. Nc5 Rg7 46. Rxa6 Rg4+ 47. Kf3 Rxh4 48. Ra8 Ke7 49. Ra7+ Kd6 50. Nd7 Ke7 51. Ne5+ Kf8 52. Ng6+ Bxg6 53. fxg6 Rg4 54. Rf7+ Ke8 55. g7 f5 56. Rf8+ Ke7 57. g8Q Rxg8 58. Rxg8 Kxe6 59. Rh8 d4 60. Rxh5 Kd5 61. Rxf5+ 1-0

[Event "Struga Lake Queen U18 op"]
[Site "Struga"]
[Date "2022.09.09"]
[Round "4"]
[White "Velkoski, Ivan"]
[Black "Jusufi, Ahmet"]
[Result "1-0"]
[WhiteElo "1323"]
[BlackElo "1595"]
[PlyCount "95"]
[EventDate "2022.09.07"]
[EventType "swiss"]
[EventRounds "7"]
[EventCountry "MKD"]
[SourceTitle "EXT 2023"]
[Source "ChessBase"]
[SourceDate "2022.10.05"]
[SourceVersion "1"]
[SourceVersionDate "2022.10.05"]
[SourceQuality "1"]

1. e4 e5 2. Nf3 Nc6 3. c3 Nf6 4. d4 exd4 5. e5 Nd5 6. Qb3 Nb6 7. cxd4 d6 8. Bb5 Be6 9. Qc2 Qd7 10. Bxc6 bxc6 11. 0-0 d5 12. Be3 Nc4 13. Nbd2 Nxe3 14. fxe3 Be7 15. Rac1 c5 16. dxc5 c6 17. Nd4 Bg5 18. Rce1 0-0 19. N2f3 Be7 20. b4 Rfb8 21. Rb1 Qc8 22. a4 a6 23. Rfc1 Bd7 24. e4 Be6 25. exd5 Bxd5 26. Nf5 Bf8 27. N3d4 g6 28. Ne3 Qd8 29. Nxd5 Qxd5 30. Qc4 Bh6 31. Qxd5 cxd5 32. Re1 Bd2 33. Nc6 Bxe1 34. Rxe1 Re8 35. Rd1 Rac8 36. b5 axb5 37. axb5 Rxc6 38. bxc6 Rc8 39. Rxd5 Rxc6 40. Kf2 f6 41. Ke3 Kf7 42. exf6 Kxf6 43. Kd4 Ke6 44. Kc4 Ra6 45. Rd2 Ra1 46. c6 Rc1+ 47. Kb5 Rb1+ 48. Ka6 1-0

[Event "FRM-ch U16"]
[Site "Struga"]
[Date "2022.06.25"]
[Round "9"]
[White "Velkoski, Ivan"]
[Black "Bojkovski, Matej"]
[Result "0-1"]
[WhiteElo "1395"]
[BlackElo "1406"]
[PlyCount "82"]
[EventDate "2022.06.18"]
[EventType "swiss"]
[EventRounds "9"]
[EventCountry "MKD"]
[SourceTitle "EXT 2023"]
[Source "ChessBase"]
[SourceDate "2022.10.05"]
[SourceVersion "1"]
[SourceVersionDate "2022.10.05"]
[SourceQuality "1"]

1. d4 Nf6 2. c4 e6 3. Nf3 b6 4. Nc3 Bb4 5. Bd2 Bb7 6. e3 0-0 7. a3 Bxc3 8. Bxc3 Ne4 9. Bd3 f5 10. Bxe4 Bxe4 11. Qb3 d5 12. Rg1 Nd7 13. Nd2 Qh4 14. Nxe4 fxe4 15. 0-0-0 Nf6 16. Rdf1 Qxh2 17. g4 g5 18. Bb4 Rf7 19. Qa4 a5 20. Qc6 Re8 21. Rh1 Qg2 22. Rfg1 Qf3 23. Bc3 Ree7 24. Rh2 dxc4 25. Qxc4 Nd5 26. Be1 Nxe3 27. Qa4 Nd5 28. Bd2 Nf4 29. Rg3 Ne2+ 30. Kb1 Nxg3 31. fxg3 e3 32. Be1 Qe4+ 33. Ka2 e5 34. Rh5 Qxg4 35. Rh6 Re6 36. Rh2 Qxd4 37. Qb3 Ref6 38. Bc3 Qd6 39. Rh5 h6 40. Rh2 Qe6 41. Re2 Qxb3+ 0-1

[Event "FRM-ch op"]
[Site "Struga"]
[Date "2021.07.25"]
[Round "3"]
[White "Nikolovski, Kiril"]
[Black "Velkoski, Ivan"]
[Result "0-1"]
[WhiteElo "1276"]
[BlackElo "1377"]
[PlyCount "82"]
[EventDate "2021.07.24"]
[EventType "swiss"]
[EventRounds "9"]
[EventCountry "MKD"]
[SourceTitle "CBM 203 Extra"]
[Source "ChessBase"]
[SourceDate "2021.09.30"]
[SourceVersion "1"]
[SourceVersionDate "2021.09.30"]
[SourceQuality "1"]

1. e4 e5 2. Nf3 Nc6 3. Bc4 Bc5 4. c3 Nf6 5. d4 exd4 6. e5 Ne4 7. cxd4 Bb4+ 8. Bd2 Nxd2 9. Nbxd2 d5 10. Bb5 Bg4 11. Qa4 Bxd2+ 12. Nxd2 Bd7 13. 0-0 0-0 14. Bxc6 Bxc6 15. Qb3 a5 16. f4 b6 17. Rac1 Bb7 18. Rf3 f5 19. Re3 Qe7 20. Rec3 a4 21. Qd1 c6 22. Rh3 c5 23. Qh5 g6 24. Qh4 Qxh4 25. Rxh4 Rac8 26. dxc5 Rxc5 27. Rc3 d4 28. Rc4 Rxc4 29. Nxc4 Rc8 30. Nd6 Rc1+ 31. Kf2 Rc2+ 32. Ke1 Bxg2 33. e6 d3 34. e7 Re2+ 35. Kd1 Rxe7 36. Kd2 Re2+ 37. Kxd3 Rxb2 38. a3 Rb3+ 39. Kc2 Rxa3 40. Ne8 Bf3 41. Kb2 Rb3+ 0-1

[Event "FRM-ch U16"]
[Site "Struga"]
[Date "2021.06.26"]
[Round "5"]
[White "Petreski, Leonid"]
[Black "Velkoski, Ivan"]
[Result "1-0"]
[WhiteElo "1761"]
[BlackElo "1282"]
[PlyCount "120"]
[EventDate "2021.06.22"]
[EventType "swiss"]
[EventRounds "7"]
[EventCountry "MKD"]
[SourceTitle "EXT 2022"]
[Source "ChessBase"]
[SourceDate "2021.10.06"]
[SourceVersion "1"]
[SourceVersionDate "2021.10.06"]
[SourceQuality "1"]

1. Nf3 d5 2. g3 Nf6 3. Bg2 Bf5 4. 0-0 e6 5. d3 Bd6 6. Nbd2 c6 7. Re1 e5 8. e4 dxe4 9. dxe4 Be6 10. Qe2 Nbd7 11. Nc4 Bxc4 12. Qxc4 0-0 13. Bg5 h6 14. Bd2 Qe7 15. Bh3 b5 16. Qxc6 Rfc8 17. Qxb5 Rxc2 18. Bxd7 Qxd7 19. Qxd7 Nxd7 20. Bc3 Bc5 21. Nd2 Rb8 22. Rab1 Bd4 23. Bxd4 exd4 24. Nb3 d3 25. Re3 d2 26. Rc3 Rxb2 27. Rd1 Rxa2 28. Rxd2 Rxd2 29. Nxd2 Ne5 30. Rc5 Rb2 31. Rxe5 Rxd2 32. Ra5 Rd7 33. Kg2 f6 34. h4 Kf7 35. h5 Ke6 36. f4 Rb7 37. Ra6+ Kf7 38. Kf3 Ke7 39. Kg4 Kf7 40. Kf5 Rc7 41. Ra5 Rb7 42. g4 Rc7 43. Ra6 Rb7 44. Rc6 Re7 45. e5 fxe5 46. fxe5 Rb7 47. Ra6 Rc7 48. Rd6 Rb7 49. Rc6 Re7 50. e6+ Kf8 51. Rc8+ Re8 52. Rc7 a5 53. Ra7 a4 54. Rxa4 Rb8 55. Kg6 Rb5 56. Ra8+ Ke7 57. Ra7+ Kf8 58. Rf7+ Kg8 59. Rxg7+ Kh8 60. Kxh6 Rf5 1-0

[Event "FRM-ch U16"]
[Site "Struga"]
[Date "2021.06.24"]
[Round "3"]
[White "Velkoski, Ivan"]
[Black "Bojkovski, Matej"]
[Result "1-0"]
[WhiteElo "1282"]
[BlackElo "1343"]
[PlyCount "69"]
[EventDate "2021.06.22"]
[EventType "swiss"]
[EventRounds "7"]
[EventCountry "MKD"]
[SourceTitle "EXT 2022"]
[Source "ChessBase"]
[SourceDate "2021.10.06"]
[SourceVersion "1"]
[SourceVersionDate "2021.10.06"]
[SourceQuality "1"]

1. e4 c5 2. Nf3 Nc6 3. d4 cxd4 4. Nxd4 d6 5. Nc3 a6 6. f3 e5 7. Nxc6 bxc6 8. Bc4 Nf6 9. Bg5 Be7 10. Qd2 0-0 11. Rd1 Ne8 12. Bxe7 Qxe7 13. 0-0 Be6 14. Qd3 a5 15. Rf2 Rd8 16. Bxe6 Qxe6 17. Qa6 Qc8 18. Qxa5 f5 19. Rfd2 f4 20. Ne2 g6 21. c4 c5 22. b4 cxb4 23. Qxb4 Qc7 24. c5 Qa7 25. Qb6 Qxb6 26. cxb6 Rb8 27. Rb1 Rf7 28. Nc3 Rfb7 29. Nd5 Kf7 30. a4 Ra8 31. Ra2 Ra5 32. Rb5 Rxb5 33. axb5 Ke6 34. Ra7 Rb8 35. Re7# 1-0

[Event "EU-ch Amateur Online Final 1400/1700"]
[Site "Tornelo INT"]
[Date "2021.04.18"]
[Round "7"]
[White "Kouvaras, Andreas"]
[Black "Velkoski, Ivan"]
[Result "1-0"]
[WhiteElo "1484"]
[BlackElo "1282"]
[PlyCount "101"]
[EventDate "2021.04.18"]
[EventType "swiss (rapid)"]
[EventRounds "9"]
[EventCountry "NET"]
[SourceTitle "EXT 2023"]
[Source "ChessBase"]
[SourceDate "2022.10.05"]
[SourceVersion "1"]
[SourceVersionDate "2022.10.05"]
[SourceQuality "1"]

1. b3 d5 2. e3 c5 3. Bb2 Nc6 4. Ne2 e5 5. d3 Bd6 6. Nd2 Nf6 7. h3 0-0 8. a3 h6 9. g4 e4 10. Bg2 Re8 11. Bxf6 Qxf6 12. dxe4 dxe4 13. Nxe4 Qe5 14. Nxd6 Rd8 15. 0-0 Rxd6 16. Qc1 Be6 17. Nf4 Rad8 18. Nd3 Qg5 19. f4 Qh4 20. Nxc5 Bd5 21. Nd3 Bxg2 22. Kxg2 Ne7 23. Qe1 Qf6 24. Qf2 Nd5 25. e4 Qc3 26. exd5 Rxd5 27. Rad1 h5 28. g5 Qc6 29. Qf3 h4 30. Rf2 Qg6 31. Ne5 Qe6 32. Rxd5 Rxd5 33. Qg4 Qa6 34. Qc8+ Kh7 35. Nxf7 Rd1 36. Qh8+ Kg6 37. Ne5+ Kf5 38. Qh7+ Ke6 39. Qg6+ Kd5 40. Qf7+ Ke4 41. Nc4 Qc6 42. Kh2 Kd4 43. Rd2+ Rxd2+ 44. Nxd2 Qxc2 45. Qxg7+ Ke3 46. Qe5+ Kf2 47. Qd4+ Ke1 48. Qe3+ Kd1 49. Kg2 Qxd2+ 50. Qxd2+ Kxd2 51. f5 1-0

[Event "FRM-ch U14"]
[Site "Ohrid"]
[Date "2020.08.29"]
[Round "7"]
[White "Velkoski, Ivan"]
[Black "Pavkovski, Nikola"]
[Result "1-0"]
[WhiteElo "1241"]
[BlackElo "1495"]
[PlyCount "113"]
[EventDate "2020.08.25"]
[EventType "tourn"]
[EventRounds "7"]
[EventCountry "MKD"]
[SourceTitle "CBM 198 Extra"]
[Source "ChessBase"]
[SourceDate "2020.11.30"]
[SourceVersion "1"]
[SourceVersionDate "2020.11.30"]
[SourceQuality "1"]

1. e4 c6 2. d4 d5 3. Nc3 dxe4 4. Nxe4 Bf5 5. Ng3 Bg6 6. Nf3 Nd7 7. Bd3 Bxd3 8. Qxd3 Ngf6 9. 0-0 e6 10. Re1 Be7 11. Bf4 0-0 12. Qb3 Qb6 13. Qxb6 Nxb6 14. Nf5 Bd8 15. Ne3 Nfd5 16. Nxd5 Nxd5 17. Bg3 Bf6 18. c3 Rfd8 19. Be5 Rac8 20. c4 Bxe5 21. cxd5 Bf6 22. dxe6 fxe6 23. Rxe6 Bxd4 24. Nxd4 Rxd4 25. Re7 Rcd8 26. Kf1 R4d7 27. Rxd7 Rxd7 28. Ke2 Kf7 29. Rc1 Rd5 30. Rc3 Rb5 31. b3 Ra5 32. a4 Re5+ 33. Re3 Rd5 34. f4 b6 35. g4 c5 36. Rd3 Rxd3 37. Kxd3 Ke6 38. Ke4 a6 39. f5+ Kd6 40. g5 b5 41. a5 c4 42. bxc4 bxc4 43. Kd4 c3 44. Kxc3 Ke5 45. f6 gxf6 46. gxf6 Kxf6 47. Kc4 Kg5 48. Kc5 Kg4 49. Kb6 Kh3 50. Kxa6 Kxh2 51. Kb6 h5 52. a6 h4 53. a7 h3 54. a8Q Kg1 55. Qg8+ Kf1 56. Qd5 Kg1 57. Qg5+ 1-0

[Event "FRM-ch U14"]
[Site "Ohrid"]
[Date "2020.08.28"]
[Round "5"]
[White "Farmakoski, Georg"]
[Black "Velkoski, Ivan"]
[Result "1-0"]
[WhiteElo "1499"]
[BlackElo "1241"]
[PlyCount "45"]
[EventDate "2020.08.25"]
[EventType "tourn"]
[EventRounds "7"]
[EventCountry "MKD"]
[SourceTitle "CBM 198 Extra"]
[Source "ChessBase"]
[SourceDate "2020.11.30"]
[SourceVersion "1"]
[SourceVersionDate "2020.11.30"]
[SourceQuality "1"]

1. d4 d5 2. Bf4 Bf5 3. Nf3 e6 4. e3 Bd6 5. Bg3 Nf6 6. Bd3 Bxg3 7. hxg3 Bg4 8. Nbd2 Nbd7 9. Be2 c6 10. c3 Qc7 11. Nh4 Bxe2 12. Qxe2 c5 13. Nhf3 Rc8 14. e4 dxe4 15. Nxe4 cxd4 16. Nxf6+ Nxf6 17. Nxd4 Nd5 18. Rd1 a6 19. Nxe6 fxe6 20. Rxd5 0-0 21. Qxe6+ Kh8 22. Rxh7+ Kxh7 23. Rh5# 1-0

[Event "Ohrid Lasker U20 op"]
[Site "Ohrid"]
[Date "2019.10.12"]
[Round "6"]
[White "Velkoski, Ivan"]
[Black "Caku, Kler"]
[Result "1/2-1/2"]
[WhiteElo "1387"]
[BlackElo "1155"]
[PlyCount "122"]
[EventDate "2019.10.10"]
[EventType "swiss"]
[EventRounds "7"]
[EventCountry "MKD"]
[SourceTitle "CBM 192 Extra"]
[Source "Chessbase"]
[SourceDate "2019.11.06"]
[SourceVersion "1"]
[SourceVersionDate "2019.11.06"]
[SourceQuality "1"]

1. e4 e5 2. Nf3 Nc6 3. Bc4 Bc5 4. c3 Nf6 5. d4 exd4 6. e5 d5 7. exf6 dxc4 8. fxg7 Rg8 9. cxd4 Nxd4 10. Nxd4 Bxd4 11. Nc3 Rxg7 12. Qf3 c6 13. Bf4 Be6 14. 0-0-0 Qb6 15. Na4 Qb5 16. Nc3 Qb6 17. Bc7 Qxc7 18. Rxd4 Rd8 19. Re4 Rd3 20. Qe2 Rxg2 21. Rxc4 Rd7 22. Rh4 Rg7 23. Qc2 Qe5 24. Qe4 Qxe4 25. Rxe4 Rg2 26. Re2 Kd8 27. b3 Bd5 28. Nxd5 Rxd5 29. h3 Rd6 30. Rhe1 Kc7 31. Re7+ Rd7 32. R1e2 Rh2 33. R7e3 b5 34. b4 Kb6 35. Rf3 a5 36. bxa5+ Kxa5 37. Kc2 b4 38. Kb3 c5 39. Kc4 Rc7 40. Re5 Kb6 41. Rf6+ Kb7 42. Rxc5 Rxc5+ 43. Kxc5 Rxh3 44. Rxf7+ Kc8 45. Kxb4 h5 46. a4 h4 47. a5 Rh1 48. a6 Kb8 49. Ka5 Ka8 50. Rh7 h3 51. Kb6 Rb1+ 52. Kc6 Rc1+ 53. Kd5 Rh1 54. Ke4 h2 55. Kf3 Ra1 56. Rxh2 Rxa6 57. Rh7 Kb8 58. Rd7 Kc8 59. Rd3 Rf6+ 60. Kg4 Rxf2 61. Kg3 Rf6 1/2-1/2

[Event "Ohrid Lasker U20 op"]
[Site "Ohrid"]
[Date "2019.10.11"]
[Round "4"]
[White "Velkoski, Ivan"]
[Black "Cani, Dejvi"]
[Result "1/2-1/2"]
[WhiteElo "1387"]
[BlackElo "1227"]
[PlyCount "109"]
[EventDate "2019.10.10"]
[EventType "swiss"]
[EventRounds "7"]
[EventCountry "MKD"]
[SourceTitle "CBM 192 Extra"]
[Source "Chessbase"]
[SourceDate "2019.11.06"]
[SourceVersion "1"]
[SourceVersionDate "2019.11.06"]
[SourceQuality "1"]

1. e4 e5 2. Nf3 Nc6 3. Bc4 Bc5 4. c3 d6 5. h3 Nf6 6. d3 h6 7. Nbd2 0-0 8. Nb3 Bb6 9. 0-0 Be6 10. Bxe6 fxe6 11. Be3 Qe7 12. Bxb6 axb6 13. Re1 Nh7 14. d4 exd4 15. Nbxd4 Nxd4 16. cxd4 Ng5 17. Nxg5 Qxg5 18. Qg4 Qf6 19. Re2 Rae8 20. e5 Qf4 21. Qxf4 Rxf4 22. exd6 cxd6 23. Rae1 Kf7 24. Re4 Rxe4 25. Rxe4 Rc8 26. Re2 Rc4 27. Rd2 Kf6 28. f3 Kf5 29. Kf2 g5 30. Ke3 d5 31. b3 Rc3+ 32. Kf2 h5 33. g3 b5 34. Re2 Rd3 35. Rc2 Rxd4 36. Ke3 Rd1 37. Rc7 Rb1 38. g4+ hxg4 39. hxg4+ Ke5 40. Rxb7 Ra1 41. Ra7 b4 42. Ra4 Kd6 43. Rxb4 Rxa2 44. f4 gxf4+ 45. Kxf4 e5+ 46. Ke3 Kc5 47. Rb8 d4+ 48. Kd3 Rg2 49. Ke4 Rxg4+ 50. Kxe5 d3 51. Rd8 d2 52. Rxd2 Rg3 53. Rc2+ Kb4 54. Kd4 Kxb3 55. Rc8 1/2-1/2

[Event "Ohrid Lasker U20 op"]
[Site "Ohrid"]
[Date "2019.10.10"]
[Round "2"]
[White "Velkoski, Ivan"]
[Black "Lazovski, Kristijan"]
[Result "1/2-1/2"]
[WhiteElo "1387"]
[BlackElo "1221"]
[PlyCount "134"]
[EventDate "2019.10.10"]
[EventType "swiss"]
[EventRounds "7"]
[EventCountry "MKD"]
[SourceTitle "CBM 192 Extra"]
[Source "Chessbase"]
[SourceDate "2019.11.06"]
[SourceVersion "1"]
[SourceVersionDate "2019.11.06"]
[SourceQuality "1"]

1. d4 Nf6 2. c4 g6 3. Nc3 Bg7 4. Nf3 0-0 5. e4 d6 6. h3 e5 7. dxe5 dxe5 8. Be3 Be6 9. Nxe5 Nxe4 10. Nxe4 Bxe5 11. Qc2 Bg7 12. Rd1 Qe7 13. Bc5 Qh4 14. Bxf8 Bxf8 15. g3 Bb4+ 16. Nc3 Qe7 17. Qe2 Qf6 18. Bg2 Nc6 19. Bxc6 bxc6 20. Qd3 Bc5 21. Ne4 Qxb2 22. Rb1 Qxa2 23. 0-0 Bxc4 24. Qd2 Qxd2 25. Nxd2 Bxf1 26. Kxf1 Re8 27. Rc1 Bb4 28. Nb3 c5 29. Nxc5 Bxc5 30. Rxc5 Re7 31. Ra5 c6 32. Ra6 Rc7 33. Ke2 Kg7 34. Kd3 Kf6 35. Kc4 Ke6 36. Kc5 h6 37. Ra2 Kd7 38. Rd2+ Kc8 39. Rd6 Kb7 40. f4 h5 41. f5 gxf5 42. Rh6 Rd7 43. Rxh5 Rd5+ 44. Kc4 Kb6 45. Rh8 a5 46. h4 f4 47. gxf4 Rf5 48. h5 Rxf4+ 49. Kb3 a4+ 50. Ka3 Kc5 51. h6 Rh4 52. Rf8 Rxh6 53. Rxf7 Rh4 54. Rf5+ Kb6 55. Rf8 c5 56. Rf6+ Kb5 57. Rf5 Rh3+ 58. Kb2 Kb4 59. Rf8 Rh2+ 60. Kb1 c4 61. Rb8+ Kc3 62. Ka1 a3 63. Rb7 Rb2 64. Rg7 Kb3 65. Rg3+ c3 66. Rxc3+ Kb4 67. Rxa3 Kxa3 1/2-1/2

[Event "Struga Lake Queen op"]
[Site "Struga"]
[Date "2019.09.08"]
[Round "3"]
[White "Petreski, Leonid"]
[Black "Velkoski, Ivan"]
[Result "1-0"]
[WhiteElo "1714"]
[BlackElo "1318"]
[PlyCount "56"]
[EventDate "2019.09.07"]
[EventType "swiss"]
[EventRounds "7"]
[EventCountry "MKD"]
[SourceTitle "EXT 2020"]
[Source "ChessBase"]
[SourceDate "2019.10.17"]
[SourceVersion "1"]
[SourceVersionDate "2019.10.17"]
[SourceQuality "1"]

1. e4 c5 2. Nf3 d6 3. d4 cxd4 4. Nxd4 Nf6 5. Nc3 g6 6. Be3 Bg7 7. f3 Bd7 8. Qd2 Nc6 9. 0-0-0 Nxd4 10. Bxd4 a6 11. Kb1 Bc6 12. g4 e6 13. h4 d5 14. h5 dxe4 15. h6 Bf8 16. g5 e5 17. Bxe5 Qxd2 18. Rxd2 e3 19. Rd3 Be7 20. Bxf6 Bxf6 21. gxf6 0-0 22. Bg2 Rfe8 23. Re1 Re6 24. Rdxe3 Rxf6 25. f4 Bd7 26. Bxb7 Rb8 27. Bd5 Rxf4 28. Re7 Rd8 1-0

[Event "FRM-ch U14"]
[Site "Struga"]
[Date "2019.04.27"]
[Round "2"]
[White "Velkoski, Ivan"]
[Black "Petreski, Leonid"]
[Result "0-1"]
[WhiteElo "1346"]
[BlackElo "1495"]
[PlyCount "76"]
[EventDate "2019.04.26"]
[EventType "swiss"]
[EventRounds "7"]
[EventCountry "MKD"]
[SourceTitle "CBM 190 Extra"]
[Source "ChessBase"]
[SourceDate "2019.07.15"]
[SourceVersion "1"]
[SourceVersionDate "2019.07.15"]
[SourceQuality "1"]

1. e4 c5 2. c3 d5 3. exd5 Qxd5 4. d4 Nc6 5. Be3 cxd4 6. cxd4 e5 7. Nc3 Bb4 8. dxe5 Nge7 9. Nf3 Bg4 10. Be2 Qa5 11. Bd2 Rd8 12. 0-0 0-0 13. Qc2 Bxf3 14. Bxf3 Nd4 15. Qc1 Nxf3+ 16. gxf3 Qxe5 17. a3 Bd6 18. f4 Qh5 19. Ne4 Nf5 20. Ng3 Qg4 21. Qd1 Qh3 22. Nxf5 Qxf5 23. Qf3 b6 24. Rad1 Rfe8 25. Rfe1 Rxe1+ 26. Rxe1 h6 27. Kg2 Bxa3 28. Re3 Bc5 29. Bc3 Bxe3 30. fxe3 h5 31. h3 Qc2+ 32. Kg3 Rd6 33. f5 Qd3 34. Kh4 Kh7 35. Qf4 Rc6 36. e4 Rc4 37. Kxh5 Rxe4 38. Qf2 Qxh3+ 0-1

[Event "Ohrid Lasker U20 op"]
[Site "Ohrid"]
[Date "2018.10.13"]
[Round "6"]
[White "Velkoski, Ivan"]
[Black "Miftari, Hedon"]
[Result "1/2-1/2"]
[WhiteElo "1316"]
[BlackElo "1601"]
[PlyCount "31"]
[EventDate "2018.10.11"]
[EventType "swiss"]
[EventRounds "7"]
[EventCountry "MKD"]
[SourceTitle "CBM 186 Extra"]
[Source "ChessBase"]
[SourceDate "2018.08.24"]
[SourceVersion "1"]
[SourceVersionDate "2018.08.24"]
[SourceQuality "1"]

1. d4 Nf6 2. c4 c5 3. Nf3 e6 4. Nc3 cxd4 5. Nxd4 Nc6 6. Bg5 Be7 7. e3 0-0 8. Be2 Qa5 9. Nxc6 bxc6 10. Bh4 d5 11. cxd5 cxd5 12. 0-0 Qb4 13. Bxf6 Bxf6 14. Qb3 Qxb3 15. axb3 Bd7 16. Ra2 1/2-1/2